Yo antes de ti (Record no. 31282)

MARC details
000 -LEADER
fixed length control field 02738cam a2200565 i 4500
001 - CONTROL NUMBER
control field zswift b1177601
003 - CONTROL NUMBER IDENTIFIER
control field OSt
005 - DATE AND TIME OF LATEST TRANSACTION
control field 20251205004129.0
008 - FIXED-LENGTH DATA ELEMENTS--GENERAL INFORMATION
fixed length control field 151001s2015 sp 000 f spa d
020 ## - INTERNATIONAL STANDARD BOOK NUMBER
International Standard Book Number 9788466327664
020 ## - INTERNATIONAL STANDARD BOOK NUMBER
International Standard Book Number 8466327665
020 ## - INTERNATIONAL STANDARD BOOK NUMBER
International Standard Book Number 9781941999882 (paperback)
040 ## - CATALOGING SOURCE
Original cataloging agency GPI
Description conventions rda
Transcribing agency GPI
Modifying agency OCLCO
-- ON8
-- OCLCO
-- GZD
041 1# - LANGUAGE CODE
Language code of text/sound track or separate title spa
Language code of original eng
100 1# - MAIN ENTRY--PERSONAL NAME
Personal name Moyes, Jojo,
Dates associated with a name 1969-
Relator term author.
240 10 - UNIFORM TITLE
Uniform title <a href="Me before you.">Me before you.</a>
Language of a work Spanish.
245 10 - TITLE STATEMENT
Title Yo antes de ti
Statement of responsibility, etc. Jojo Moyes ; traducci©đn de M©♭ximo S©Łez.
250 ## - EDITION STATEMENT
Edition statement Primera edici©đn.
264 #1 - PRODUCTION, PUBLICATION, DISTRIBUTION, MANUFACTURE, AND COPYRIGHT NOTICE
Place of production, publication, distribution, manufacture Barcelona :
Name of producer, publisher, distributor, manufacturer Punto de Lectura,
Date of production, publication, distribution, manufacture, or copyright notice 2015.
264 #4 - PRODUCTION, PUBLICATION, DISTRIBUTION, MANUFACTURE, AND COPYRIGHT NOTICE
Date of production, publication, distribution, manufacture, or copyright notice ℗♭2015.
300 ## - PHYSICAL DESCRIPTION
Extent 487 pages ;
Dimensions 19 cm.
336 ## - CONTENT TYPE
Content type term text
Content type code txt
Source rdacontent.
337 ## - MEDIA TYPE
Media type term unmediated
Media type code n
Source rdamedia.
338 ## - CARRIER TYPE
Carrier type term volume
Carrier type code nc
Source rdacarrier.
490 1# - SERIES STATEMENT
Series statement [Me before you ;
Volume/sequential designation 1]
490 1# - SERIES STATEMENT
Series statement Narrativa.
500 ## - GENERAL NOTE
General note Titulo original: Me before you.
520 ## - SUMMARY, ETC.
Summary, etc. "Louisa Clark sabe muchas cosas. Sabe cu©Łntos pasos hay entre la parada del autob©ðs y su casa. Sabe que le gusta trabajar en el caf©♭ The Buttered Bun y sabe que quiz©Ł no quiera a su novio Patrick. Lo que Lou no sabe es que est©Ł a punto de perder su trabajo o que son sus peque©łas rutinas las que la mantienen en su sano juicio."--From amazon.com.
520 ## - SUMMARY, ETC.
Summary, etc. Louisa Clark, an ordinary girl living an exceedingly ordinary life, takes a badly needed job working for ex-Master of the Universe Will Traynor, who is wheelchair bound after a motorcycle accident. Will has always lived a huge life and now is pretty sure he cannot live the way he is. Although he is acerbic, moody, bossy, Lou refuses to treat him with kid gloves, and soon his happiness means more to her than she expected. When she learns that Will has shocking plans of his own, she sets out to show him that life is still worth living.
546 ## - LANGUAGE NOTE
Language note In Spanish. En espa©łol.
600 10 - SUBJECT ADDED ENTRY--PERSONAL NAME
Personal name Moyes, Jojo,
Dates associated with a name 1969-
Form subdivision Translations into Spanish.
600 10 - SUBJECT ADDED ENTRY--PERSONAL NAME
Personal name Clark, Lou
Titles and other words associated with a name (Fictitious character)
Form subdivision Fiction.
650 #0 - SUBJECT ADDED ENTRY--TOPICAL TERM
Topical term or geographic name as entry element Young women
Form subdivision Fiction.
650 #0 - SUBJECT ADDED ENTRY--TOPICAL TERM
Topical term or geographic name as entry element People with disabilities
Form subdivision Fiction.
650 #0 - SUBJECT ADDED ENTRY--TOPICAL TERM
Topical term or geographic name as entry element Caregivers
Form subdivision Fiction.
650 #0 - SUBJECT ADDED ENTRY--TOPICAL TERM
Topical term or geographic name as entry element Paraplegics
Form subdivision Fiction.
651 #0 - SUBJECT ADDED ENTRY--GEOGRAPHIC NAME
Geographic name England
Form subdivision Fiction.
655 #7 - INDEX TERM--GENRE/FORM
Genre/form data or focus term Novela dom©♭stica.
Source of term lcsh-es.
655 #7 - INDEX TERM--GENRE/FORM
Genre/form data or focus term Domestic fiction.
Source of term lcgft.
655 #7 - INDEX TERM--GENRE/FORM
Genre/form data or focus term Romance fiction.
Source of term lcgft.
655 #7 - INDEX TERM--GENRE/FORM
Genre/form data or focus term Cuentos de amor.
Source of term bidex.
655 #1 - INDEX TERM--GENRE/FORM
Genre/form data or focus term Spanish language materials.
655 #7 - INDEX TERM--GENRE/FORM
Genre/form data or focus term Materiales en espa©łol.
Source of term bidex.
700 1# - ADDED ENTRY--PERSONAL NAME
Personal name S©Łez, M©Łximo,
Relator term translator.
800 1# - SERIES ADDED ENTRY--PERSONAL NAME
Personal name Moyes, Jojo,
Dates associated with a name 1969-
Title of a work Me before you.
Language of a work Spanish ;
Volume/sequential designation 1.
830 #0 - SERIES ADDED ENTRY--UNIFORM TITLE
Uniform title Me before you.
Language of a work Spanish ;
Volume number/sequential designation 1.
830 #0 - SERIES ADDED ENTRY--UNIFORM TITLE
Uniform title Punto de lectura.
Name of part/section of a work Narrativa.
907 ## - LOCAL DATA ELEMENT G, LDG (RLIN)
a .b34771948x
942 ## - ADDED ENTRY ELEMENTS (KOHA)
Koha item type Libro/Book
Holdings
Withdrawn status Lost status Damaged status Not for loan Home library Current library Date acquired Total Checkouts Full call number Barcode Date last seen Price effective from Koha item type
        San Juan Del Sur -- Biblioteca San Juan Del Sur -- Biblioteca 05/12/2025   F 30023566 25/03/2026 05/12/2025 Libro/Book

Powered by Koha